000 00325 a2200157 4500
001 193114
020 _a978-85-7530-766-3
040 _cMagnum
100 _aFerreira, Fábio Gonçalves
240 1 0 _aAlegria
_lpor
245 1 0 _aAlegria
300 _a15
362 0 _a2012
697 _aLITERATURA INFANTIL
942 _cBK
999 _c193114
_d193114